THE COMPLETE REFERENCE VISUAL BASIC-6 (Record no. 9408)

MARC details
000 -LEADER
fixed length control field 00482nam a22001577a 4500
003 - CONTROL NUMBER IDENTIFIER
control field SGT
020 ## - INTERNATIONAL STANDARD BOOK NUMBER
International Standard Book Number 9780074636664
082 ## - DEWEY DECIMAL CLASSIFICATION NUMBER
Classification number 005.268,JER
100 ## - MAIN ENTRY--PERSONAL NAME
Personal name JERKE,NOEL
245 ## - TITLE STATEMENT
Title THE COMPLETE REFERENCE VISUAL BASIC-6
260 ## - PUBLICATION, DISTRIBUTION, ETC. (IMPRINT)
Place of publication, distribution, etc NEW DELHI
Name of publisher, distributor, etc TMH
Year of Publication 2013
300 ## - PAGE DESCRIPTION
No. of Pages 788
650 ## - SUBJECT ADDED ENTRY--TOPICAL TERM
Topical term or geographic name as entry element PROGRAMMING FOR SPECIFIC OPERATING SYSTEMS
653 ## - KEYWORDS--INDEX TERM
Keyword term VISUAL BASIC 6.0 OVERVIEW,WORKING WITH WINDOWS,CLLENT SERVER DEVELOPMENT,INTERNET APPLICATION DEVELOPMENT,APPENDIXES
942 ## - ADDED ENTRY ELEMENTS (KOHA)
Source of classification or shelving scheme Dewey Decimal Classification
Koha item type FPS Books
Holdings
Withdrawn status Lost status Source of classification or shelving scheme Damaged status Not for loan Collection code Home library Current library Shelving location Date acquired Vendor Name Cost, normal purchase price SGTU Bill Number Total Checkouts Full call number Accession No. (Barcode) Date last seen Bill Date Koha item type
    Dewey Decimal Classification     SCIENCE SGT Science & Social Sciences Library SGT Science & Social Sciences Library Text Book 01/07/2016 KRITI PRAKASHAN 525.00 SGTU 2947   005.268,JER PS953 01/07/2016 19/09/2015 FPS Books